Obscure Knowledge - European Capitals Quiz Stats

 Plays Quiz Updated Apr 30, 2018

Challenge
Share
Tweet
Embed
Score 0/47 Timer 02:00
9 Plays Today
Percent Guessed Capital % Correct
94.6%???
100%
94.0%???
97.4%
93.9%???
96.8%
93.4%???
93.9%
93.0%???
93.2%
92.8%???
92.9%
92.7%???
92.6%
92.5%???
92.2%
89.8%???
91.9%
89.6%???
91.7%
89.5%???
91.2%
88.4%???
90.4%
87.4%???
88.3%
87.3%???
88%
86.4%???
87.6%
85.8%???
87.3%
84.8%???
87%
84.7%???
86.8%
84.6%???
86.3%
84.5%???
84.9%
84.2%???
84.2%
82.2%???
82.9%
81.9%???
82.3%
81.2%???
81.6%
Percent Guessed Capital % Correct
79.5%???
77.9%
77.8%???
76.9%
72.4%???
76%
72.3%???
74.7%
70.2%???
73.2%
68.0%???
72.4%
66.8%???
70.8%
64.7%???
68%
62.5%???
66.6%
61.2%???
64.4%
58.4%???
63.2%
58.3%???
62.5%
57.8%???
61.4%
57.2%???
59.1%
55.4%???
56%
54.2%???
54%
52.6%???
50.5%
52.0%???
48.3%
49.7%???
39.7%
49.5%???
35.8%
46.3%???
31.7%
43.3%???
24.5%
40.0%???
14%

You're not logged in!

Compare scores with friends on all Sporcle quizzes.
Join for Free
OR
Log In

You Might Also Like...

Show Comments

Extras

Top Quizzes Today


Score Distribution

Your Account Isn't Verified!

In order to create a playlist on Sporcle, you need to verify the email address you used during registration. Go to your Sporcle Settings to finish the process.

Report this User

Report this user for behavior that violates our Community Guidelines.

Details: